Know It: Literature Quiz Stats

 Plays Quiz Updated Mar 5, 2019

Score 0/30 Timer 02:00
2 Plays Today
Literary Work Author % Correct
OthelloWilliam Shakespeare
96.2%
A Tale of Two CitiesCharles Dickens
92.9%
Pride and PrejudiceJane Austen
90.7%
The Great GatsbyF. Scott Fitzgerald
90.4%
Nineteen Eighty-FourGeorge Orwell
89.7%
FrankensteinMary Shelley
85.5%
To Kill a MockingbirdHarper Lee
82.7%
Jane EyreCharlotte Brontë
81.4%
Anna KareninaLeo Tolstoy
79.2%
The Canterbury TalesGeoffrey Chaucer
76.6%
The Grapes of WrathJohn Steinbeck
76.5%
Les MisérablesVictor Hugo
74.9%
Moby-DickHerman Melville
74.1%
UlyssesJames Joyce
70.1%
Crime and PunishmentFyodor Dostoevsky
69.6%
Literary Work Author % Correct
The Scarlet LetterNathaniel Hawthorne
67.8%
Brave New WorldAldous Huxley
67%
Paradise LostJohn Milton
66.4%
Death of a SalesmanArthur Miller
63%
Heart of DarknessJoseph Conrad
62.8%
Slaughterhouse-FiveKurt Vonnegut
62.6%
The Sun Also RisesErnest Hemingway
60.7%
A Streetcar Named DesireTennessee Williams
59.5%
LolitaVladimir Nabokov
54.8%
Lord of the FliesWilliam Golding
54.6%
Uncle Tom's CabinHarriet Beecher Stowe
52.7%
PygmalionGeorge Bernard Shaw
45.6%
The Waste LandT. S. Eliot
39.6%
The Red Badge of CourageStephen Crane
33.1%
Our TownThornton Wilder
21.8%

You're not logged in!

Compare scores with friends on all Sporcle quizzes.
OR
Log In

Sporcle TV

Today on Sporcle TV


Watch our educational content, quiz creation guides, and fun videos on Sporcle TV.

Show Comments

Extras

Top Quizzes Today


Score Distribution

Your Account Isn't Verified!

In order to create a playlist on Sporcle, you need to verify the email address you used during registration. Go to your Sporcle Settings to finish the process.

Report this User

Report this user for behavior that violates our Community Guidelines.

Details: